Sondeig d'opinió : Catalunya Catalunya
Descripción Física:
135 p. ; 23 cm
Materias:
Opinió pública -- Catalunya -- Sondejos
MARC
| LEADER | 00000nam a2200000Ia 4500 | ||
|---|---|---|---|
| 001 | 14840 | ||
| 008 | 160829s2002 xx 000 0 cat d | ||
| 080 | |a M-4-269 | ||
| 245 | |a Sondeig d'opinió : |b Catalunya | ||
| 260 | |a Barcelona : |b ICPS, Institut de Ciències Polítiques i Socials, |c 2002 | ||
| 300 | |a 135 p. ; |c 23 cm | ||
| 590 | |a Precedeix el títol la designació cronològica. | ||
| 590 | |a Continuació de: Sondatge d'opinió : Catalunya | ||
| 650 | |a Opinió pública |x Catalunya |x Sondejos |9 27274 | ||
| 710 | 2 | |a Institut de Ciències Polítiques i Socials (Barcelona, Catalunya) |9 55871 | |
| 866 | |a vbcrlf2001: R. 14840. |x M-4-269 | ||
| 901 | |a Arxiu | ||
| 942 | |n 1 | ||
| 952 | |0 0 |1 0 |4 0 |6 M4269 |7 1 |9 44334 |a Arxiu |b Arxiu |d 2016-12-01 |l 0 |o M-4-269 |p 14840 |r 2016-12-01 00:00:00 |w 2016-12-01 |y ARXIU | ||
| 999 | |c 46915 |d 46915 | ||